[Event "Play for Durgesh Fundraiser Blitz"]
[Site "Vishy Anand Arena"]
[Date "2020.09.19"]
[Round "5"]
[White "Arjunkalyan"]
[Black "LAXMAN"]
[Result "1-0"]
[WhiteElo "2320"]
[BlackElo "2435"]
[PlyCount "71"]
[EventDate "2020.09.19"]
[EventType "swiss (blitz)"]

1. e4 e5 2. Nf3 Nc6 3. Bc4 Bc5 4. c3 Nf6 5. d3 d6 6. O-O O-O 7. Re1 h6 8. h3 a6 9. a4 Ba7 10. Nbd2 Ne7 11. d4 Ng6 12. Bd3 a5 13. Nf1 c6 14. Ng3 Re8 15. Be3 Qc7 16. Qd2 Kh7 17. Rad1 Be6 18. Bc2 Rad8 19. Qc1 b5 20. Nf5 Bxf5 21. exf5 Ne7 22. dxe5 dxe5 23. Bxa7 Qxa7 24. Rxd8 Rxd8 25. Nxe5 Kg8 26. Ng4 Ned5 27. Bb3 Kh7 28. Bxd5 Nxd5 29. f6 Nxf6 30. Nxf6+ gxf6 31. Qf4 Kg7 32. Re3 Rd5 33. h4 f5 34. Qg3+ Kh7 35. Re8 Rd1+ 36. Kh2 1-0

[Event "Play for Durgesh Fundraiser Blitz"]
[Site "Vishy Anand Arena"]
[Date "2020.09.19"]
[Round "5"]
[White "Boobyfisher"]
[Black "Babysnake"]
[Result "1-0"]
[WhiteElo "2283"]
[BlackElo "2539"]
[PlyCount "179"]
[EventDate "2020.09.19"]
[EventType "swiss (blitz)"]

1. Nf3 Nf6 2. g3 b6 3. Bg2 Bb7 4. O-O c5 5. b3 g6 6. Bb2 Bg7 7. c4 Nc6 8. d4 Nxd4 9. Nxd4 Bxg2 10. Kxg2 cxd4 11. Qxd4 O-O 12. Nc3 Rc8 13. Rad1 d6 14. e4 Qd7 15. Rfe1 Qb7 16. Qd2 a6 17. Kg1 b5 18. cxb5 axb5 19. Nd5 Nxd5 20. Bxg7 Kxg7 21. Qxd5 Qxd5 22. Rxd5 Rc2 23. a4 bxa4 24. bxa4 Ra2 25. e5 dxe5 26. Rexe5 e6 27. Rd4 Rc8 28. Re3 Ra8 29. Rd7 R8xa4 30. Rf3 g5 31. Rfxf7+ Kg6 32. Rg7+ Kf5 33. Rdf7+ Ke5 34. Rxg5+ Kd6 35. Rxh7 Re4 36. Rf7 Re1+ 37. Kg2 Raa1 38. h4 Rg1+ 39. Kf3 Ra3+ 40. Kg4 Ra4+ 41. Kh3 Rh1+ 42. Kg2 Rb1 43. Rg6 Raa1 44. Rff6 Rg1+ 45. Kf3 Rge1 46. h5 Ra3+ 47. Kg2 Ke7 48. h6 Ra8 49. Rf4 Rh8 50. Rh4 Re5 51. Rg7+ Kf6 52. Ra7 Rg5 53. h7 Rf5 54. Rh6+ Ke5 55. Re7 Kd6 56. Rexe6+ Kd7 57. Reg6 Ke7 58. Rg7+ Kf8 59. Ra7 Rf7 60. Ra8+ Kg7 61. Rxh8 Kxh8 62. Rh4 Rg7 63. f4 Rf7 64. Kf3 Re7 65. Rh5 Rd7 66. Kg4 Rg7+ 67. Kh4 Re7 68. f5 Rg7 69. g4 Rf7 70. Kg5 Rg7+ 71. Kf4 Rb7 72. Rh6 Rb4+ 73. Kg5 Rb7 74. Ra6 Rb5 75. Kh5 Kxh7 76. Ra7+ Rb7 77. Kg5 Kg8 78. Rxb7 Kf8 79. f6 Ke8 80. Kg6 Kd8 81. Rb8+ Kd7 82. Rg8 Kd6 83. f7 Ke5 84. f8=Q Ke4 85. Qf7 Ke3 86. Re8+ Kd2 87. Qd7+ Kc1 88. Rc8+ Kb2 89. Qb7+ Ka1 90. Ra8# 1-0

[Event "Play for Durgesh Fundraiser Blitz"]
[Site "Vishy Anand Arena"]
[Date "2020.09.19"]
[Round "5"]
[White "Gak_chess"]
[Black "Aneesh009"]
[Result "1-0"]
[WhiteElo "2283"]
[BlackElo "1678"]
[Annotator "NA"]
[PlyCount "53"]
[EventDate "2020.09.19"]
[EventType "swiss (blitz)"]

1. d3 e5 2. c4 Nf6 3. Nf3 Nc6 4. a3 d5 5. cxd5 Nxd5 6. e3 Bd6 7. b4 a6 8. Bb2 f6 9. Nbd2 O-O 10. Qc2 Kh8 11. h4 Be6 12. h5 h6 13. Nh4 Bf7 14. Be2 Rc8 15. Bg4 Rb8 16. Ndf3 Nce7 17. d4 exd4 18. Bxd4 Re8 19. Ng6+ Nxg6 20. hxg6 Bg8 21. Ng5 fxg5 22. Rxh6+ Bh7 23. Rxh7+ Kg8 24. Rxg7+ Kf8 25. Qf5+ Nf6 26. Bxf6 Qxf6 27. Qxf6# 1-0

[Event "Play for Durgesh Fundraiser Blitz"]
[Site "Vishy Anand Arena"]
[Date "2020.09.19"]
[Round "5"]
[White "KananGarayev"]
[Black "ASB"]
[Result "1-0"]
[WhiteElo "2258"]
[BlackElo "2057"]
[PlyCount "117"]
[EventDate "2020.09.19"]
[EventType "swiss (blitz)"]

1. c4 e5 2. Nc3 f5 3. Nf3 e4 4. Nd4 d6 5. d3 Nf6 6. Bf4 Nc6 7. dxe4 fxe4 8. e3 Be7 9. Be2 O-O 10. O-O Bd7 11. Nd5 Nxd5 12. cxd5 Ne5 13. Bxe5 dxe5 14. Ne6 Bxe6 15. dxe6 Qd6 16. Qb3 Qb6 17. Rfd1 Rfd8 18. Qc2 Kh8 19. Bc4 Qc6 20. Qb3 Qb6 21. Rd7 Rxd7 22. exd7 Rd8 23. Qxb6 axb6 24. Be6 g6 25. Rc1 c6 26. Rc4 Kg7 27. Rxe4 Kf6 28. Bh3 Bd6 29. a4 Bc7 30. b3 Ke7 31. Kf1 h5 32. Ke2 g5 33. Bf5 Kf6 34. g4 h4 35. h3 Ke7 36. Kf3 Kf6 37. Rc4 Rf8 38. Ke4 Bd8 39. f3 Be7 40. Rc1 Rd8 41. Rd1 Bf8 42. Kd3 Be7 43. Kc4 Bf8 44. b4 Be7 45. b5 Bc5 46. bxc6 bxc6 47. Be4 Bxe3 48. Bxc6 Bc5 49. Kb5 Ke7 50. a5 Bd4 51. a6 Bc3 52. Rd3 Bd4 53. a7 Bc5 54. Rd5 Ra8 55. Bxa8 Kd8 56. Bc6 e4 57. Re5 Bd6 58. a8=Q+ Bb8 59. Qxb8# 1-0

[Event "Play for Durgesh Fundraiser Blitz"]
[Site "Vishy Anand Arena"]
[Date "2020.09.19"]
[Round "5"]
[White "Arghyadip"]
[Black "Suyu28"]
[Result "1-0"]
[WhiteElo "2198"]
[BlackElo "2192"]
[Annotator "NA"]
[PlyCount "99"]
[EventDate "2020.09.19"]
[EventType "swiss (blitz)"]

1. d4 d5 2. c4 c6 3. Nc3 Nf6 4. e3 e6 5. Nf3 Nbd7 6. Qc2 Bd6 7. Bd2 O-O 8. O-O-O Re8 9. g4 e5 10. g5 Ne4 11. Nxe4 dxe4 12. Qxe4 exd4 13. Qxd4 Bf8 14. Bd3 Qc7 15. Bc3 Nc5 16. Bc2 Ne6 17. Qh4 g6 18. Rhg1 Bg7 19. Bf6 Qa5 20. Kb1 b5 21. Bxg7 Nxg7 22. cxb5 Rb8 23. Qa4 Qb6 24. Nd4 cxb5 25. Qb3 a5 26. Bd3 b4 27. Bc4 Rf8 28. Rd2 Bd7 29. e4 a4 30. Qg3 b3 31. a3 Qc5 32. Bd5 Rbc8 33. Rgd1 Rc7 34. Ne2 Rfc8 35. Nc3 Qe7 36. h4 Bc6 37. Bxc6 Rxc6 38. Rd7 Qe6 39. Rd8+ Ne8 40. Qf4 Qe7 41. Rxc8 Rxc8 42. Nd5 Qe6 43. Qe3 Nd6 44. f3 Nc4 45. Qd4 Ne5 46. Nf6+ Kg7 47. Nd7 Qxd7 48. Qxe5+ Kg8 49. Rxd7 Rf8 50. Qf6 1-0

[Event "Play for Durgesh Fundraiser Blitz"]
[Site "Vishy Anand Arena"]
[Date "2020.09.19"]
[Round "5"]
[White "Kaustuv Kundu"]
[Black "Ragavesh"]
[Result "1/2-1/2"]
[WhiteElo "2193"]
[BlackElo "1688"]
[Annotator "NA"]
[PlyCount "110"]
[EventDate "2020.09.19"]
[EventType "swiss (blitz)"]

1. Nf3 f5 2. d3 Nf6 3. Nc3 d6 4. e4 e5 5. exf5 Bxf5 6. d4 e4 7. Nh4 Bd7 8. Qe2 d5 9. Bg5 c6 10. f3 h6 11. Ng6 Rg8 12. Bh4 Bf5 13. Nxf8 Kxf8 14. g4 exf3 15. Qxf3 Bxg4 16. Qe3 g5 17. Bg3 Nbd7 18. Bd3 Kg7 19. O-O Re8 20. Qf2 Rf8 21. Qd2 Qb6 22. Bf5 Bxf5 23. Rxf5 Ne4 24. Nxe4 Rxf5 25. Nd6 Rf6 26. c3 c5 27. Re1 cxd4 28. cxd4 Rxd6 29. Re7+ Kg8 30. Qd3 Rg6 31. Rxd7 Qf6 32. Be5 Qe6 33. Rd6 Qg4+ 34. Kh1 Rxd6 35. Bxd6 Qe4+ 36. Qxe4 dxe4 37. Kg1 Rd8 38. Be5 Kf7 39. Kf2 Ke6 40. Ke3 Rd5 41. Bg3 Rb5 42. b3 a5 43. Kxe4 a4 44. bxa4 Ra5 45. Be5 Rxa4 46. Bg7 Rxa2 47. Bxh6 Rxh2 48. Bxg5 Re2+ 49. Be3 Rxe3+ 50. Kxe3 Kd5 51. Kd3 b5 52. Kc3 b4+ 53. Kd3 b3 54. Kc3 b2 55. Kxb2 Kxd4 1/2-1/2

[Event "Play for Durgesh Fundraiser Blitz"]
[Site "Vishy Anand Arena"]
[Date "2020.09.19"]
[Round "5"]
[White "Skkeyan"]
[Black "skipper_chess"]
[Result "1-0"]
[WhiteElo "2186"]
[BlackElo "1656"]
[PlyCount "45"]
[EventDate "2020.09.19"]
[EventType "swiss (blitz)"]

1. d4 Nf6 2. c4 c5 3. d5 b5 4. cxb5 a6 5. Nc3 axb5 6. e4 d6 7. Bxb5+ Bd7 8. Bd3 g6 9. Nge2 Bg7 10. O-O O-O 11. h3 Bc8 12. Be3 Nbd7 13. f4 Ba6 14. Bxa6 Rxa6 15. Qd3 Qb6 16. Rfb1 Rfa8 17. Kh1 Qb7 18. b3 Ne8 19. a4 Nc7 20. Ra2 Qb4 21. Rc2 Nb6 22. Na2 Qa5 23. Bd2 1-0

[Event "Play for Durgesh Fundraiser Blitz"]
[Site "Vishy Anand Arena"]
[Date "2020.09.19"]
[Round "5"]
[White "Ilamparthi"]
[Black "MirageFafnir"]
[Result "1-0"]
[WhiteElo "2151"]
[BlackElo "1818"]
[Annotator "NA"]
[PlyCount "77"]
[EventDate "2020.09.19"]
[EventType "swiss (blitz)"]

1. Nf3 Nf6 2. g3 b5 3. Bg2 Bb7 4. Na3 a6 5. c4 b4 6. Nc2 e5 7. O-O e4 8. Nfd4 c5 9. Nf5 g6 10. Nfe3 Bg7 11. d4 cxd4 12. Qxd4 Nc6 13. Qd6 Bf8 14. Qd2 Bc5 15. b3 O-O 16. Bb2 Re8 17. Rad1 d6 18. Nd4 Nd7 19. Ng4 Nxd4 20. Bxd4 Bxd4 21. Qxd4 Ne5 22. Ne3 Qg5 23. Qxd6 a5 24. Qc7 Re7 25. Qb6 Kg7 26. Nd5 Bxd5 27. Rxd5 Re6 28. Qd4 Kg8 29. Qxe4 Qe7 30. Rxe5 Rxe5 31. Qxa8+ Kg7 32. e3 Qd6 33. Bd5 Rh5 34. Qc6 Qe5 35. Bf3 Rh6 36. Qd5 Qf6 37. c5 Qe7 38. c6 g5 39. Qd7 1-0

[Event "Play for Durgesh Fundraiser Blitz"]
[Site "Vishy Anand Arena"]
[Date "2020.09.19"]
[Round "5"]
[White "Position"]
[Black "Rahulyadav"]
[Result "1-0"]
[WhiteElo "2132"]
[BlackElo "1707"]
[PlyCount "59"]
[EventDate "2020.09.19"]
[EventType "swiss (blitz)"]

1. e4 e5 2. Nf3 Nc6 3. Bc4 Bc5 4. d3 Nf6 5. O-O d6 6. h3 Na5 7. Bb5+ c6 8. Ba4 b5 9. Bb3 Nxb3 10. axb3 h6 11. c3 O-O 12. d4 exd4 13. cxd4 Bb6 14. Re1 Re8 15. Qc2 c5 16. d5 Nd7 17. Bf4 Bc7 18. Nc3 a6 19. Nxb5 Ne5 20. Nxc7 Qxc7 21. Bxe5 dxe5 22. Rec1 Qd6 23. Qxc5 Qg6 24. Qc6 Qxc6 25. Rxc6 Bb7 26. Rb6 Ra7 27. Rc1 Re7 28. b4 g6 29. d6 Re6 30. Rc7 1-0

[Event "Play for Durgesh Fundraiser Blitz"]
[Site "Vishy Anand Arena"]
[Date "2020.09.19"]
[Round "5"]
[White "Mithil"]
[Black "Abdulkalam25677853"]
[Result "1-0"]
[WhiteElo "2074"]
[BlackElo "1654"]
[Annotator "NA"]
[PlyCount "45"]
[EventDate "2020.09.19"]
[EventType "swiss (blitz)"]

1. d4 Nf6 2. Nf3 g6 3. e3 Bg7 4. b3 O-O 5. Bb2 d5 6. Be2 c6 7. O-O Nbd7 8. Nbd2 Nh5 9. c4 f5 10. Ng5 Ndf6 11. Ndf3 h6 12. Nh3 g5 13. Nfxg5 hxg5 14. Bxh5 g4 15. Nf4 Bh6 16. f3 Bxf4 17. exf4 Nxh5 18. fxg4 fxg4 19. h3 Nf6 20. f5 gxh3 21. Qf3 hxg2 22. Qxg2+ Kf7 23. Qg6# 1-0

[Event "Play for Durgesh Fundraiser Blitz"]
[Site "Vishy Anand Arena"]
[Date "2020.09.19"]
[Round "5"]
[White "Kikku"]
[Black "Advait30"]
[Result "1-0"]
[WhiteElo "2051"]
[BlackElo "1931"]
[Annotator "NA"]
[PlyCount "101"]
[EventDate "2020.09.19"]
[EventType "swiss (blitz)"]

1. e4 c5 2. Nf3 g6 3. d4 cxd4 4. Nxd4 Bg7 5. Nc3 Nc6 6. Be3 Nf6 7. Nxc6 bxc6 8. e5 Ng8 9. Bd4 Nh6 10. e6 O-O 11. Bxg7 Kxg7 12. Qd4+ Kg8 13. exd7 Bxd7 14. O-O-O Bg4 15. f3 Qxd4 16. Rxd4 Be6 17. Ba6 Rfd8 18. Rhd1 Rxd4 19. Rxd4 Nf5 20. Rd2 f6 21. Bb7 Rb8 22. Bxc6 Kf7 23. Bd5 Nd6 24. Bxe6+ Kxe6 25. b3 Kf7 26. Nd5 Rb5 27. c4 Rc5 28. Nc3 f5 29. Rd5 Rc7 30. Kc2 Ke6 31. Rd2 Nb7 32. Nd5 Rc6 33. Nf4+ Kf6 34. Nd3 e5 35. Kc3 Nd6 36. Nb4 Nb5+ 37. Kb2 Rd6 38. Rxd6+ Nxd6 39. Kc3 e4 40. fxe4 fxe4 41. Kd4 Kf5 42. g3 Nf7 43. Nd5 Nd6 44. a4 Kg4 45. c5 Nb7 46. Nf6+ Kf3 47. Nxe4 Na5 48. Ng5+ Kg4 49. Nxh7 Nxb3+ 50. Kd5 Kf5 51. c6 1-0

[Event "Play for Durgesh Fundraiser Blitz"]
[Site "Vishy Anand Arena"]
[Date "2020.09.19"]
[Round "5"]
[White "Swayham"]
[Black "Ahaanmehta"]
[Result "1-0"]
[WhiteElo "2043"]
[BlackElo "1673"]
[Annotator "NA"]
[PlyCount "111"]
[EventDate "2020.09.19"]
[EventType "swiss (blitz)"]

1. e4 e5 2. Nf3 Nc6 3. Bb5 a6 4. Ba4 d6 5. c3 b5 6. Bb3 Nf6 7. d3 Na5 8. Bc2 Be7 9. O-O c5 10. Nbd2 O-O 11. Re1 Bg4 12. Nf1 Re8 13. h3 Bh5 14. Ng3 Bg6 15. Nh4 Bf8 16. Qf3 Ra7 17. Ngf5 Nc6 18. Bg5 h6 19. Nxh6+ gxh6 20. Bxf6 Be7 21. Bxe7 Qxe7 22. Nf5 Bxf5 23. Qxf5 Qe6 24. Qf3 Qg6 25. Re3 Kh7 26. Qe2 Rg8 27. Rg3 Qf6 28. Rxg8 Kxg8 29. Bb3 Ne7 30. Qg4+ Kh7 31. Re1 Ng6 32. Re3 Qg5 33. Qc8 Qe7 34. Rf3 a5 35. Rxf7+ Qxf7 36. Bxf7 Rxf7 37. Qe6 Kg7 38. Qxd6 Nf4 39. Qxe5+ Kg6 40. Qxc5 Nxd3 41. Qd6+ Rf6 42. Qxd3 Kg7 43. e5 Re6 44. Qg3+ Kf7 45. Qf4+ Ke7 46. g4 Kd7 47. Qf7+ Re7 48. Qd5+ Ke8 49. e6 Kf8 50. f4 Kg7 51. f5 Kf6 52. Qd4+ Kg5 53. Qe3+ Kh4 54. Kg2 h5 55. Qf4 Rg7 56. g5# 1-0

[Event "Play for Durgesh Fundraiser Blitz"]
[Site "Vishy Anand Arena"]
[Date "2020.09.19"]
[Round "5"]
[White "Roedor87"]
[Black "Nikhildixit98"]
[Result "1-0"]
[WhiteElo "2031"]
[BlackElo "2140"]
[Annotator "NA"]
[PlyCount "55"]
[EventDate "2020.09.19"]
[EventType "swiss (blitz)"]

1. d4 g6 2. c4 Bg7 3. Nf3 Nf6 4. g3 O-O 5. Bg2 d6 6. O-O c5 7. Nc3 cxd4 8. Nxd4 Nc6 9. Nc2 Bd7 10. Bd2 Rb8 11. Rc1 a6 12. Ne3 b5 13. cxb5 axb5 14. b3 b4 15. Ncd5 Nxd5 16. Nxd5 Nd4 17. Bg5 Re8 18. Nc7 Rf8 19. Nd5 Nc6 20. Rxc6 Bxc6 21. Nxe7+ Kh8 22. Nxc6 Qxg5 23. Nxb8 Rxb8 24. Qxd6 Qb5 25. Bd5 Rf8 26. e4 Qe2 27. Rc1 Bd4 28. Qxf8# 1-0

[Event "Play for Durgesh Fundraiser Blitz"]
[Site "Vishy Anand Arena"]
[Date "2020.09.19"]
[Round "5"]
[White "Attacker_97"]
[Black "Rasulov Vugar"]
[Result "0-1"]
[WhiteElo "2029"]
[BlackElo "2506"]
[Annotator "NA"]
[PlyCount "148"]
[EventDate "2020.09.19"]
[EventType "swiss (blitz)"]

1. e4 c5 2. Nf3 d6 3. d4 cxd4 4. Nxd4 Nf6 5. Nc3 a6 6. h3 e5 7. Nde2 h5 8. g3 b5 9. Bg2 Bb7 10. O-O Nbd7 11. Bg5 Rc8 12. Nd5 Bxd5 13. exd5 Be7 14. b3 Nc5 15. f4 Nfd7 16. Bxe7 Qxe7 17. fxe5 Nxe5 18. Nd4 g6 19. Qd2 O-O 20. Rae1 Rfe8 21. Qf4 f5 22. Kh2 Qg7 23. Ne6 Qf6 24. Nd4 Kh7 25. Kh1 Re7 26. Nc6 Ree8 27. Nd4 Nf7 28. Ne6 Nxe6 29. dxe6 Rxe6 30. Rxe6 Qxe6 31. c4 bxc4 32. bxc4 Rxc4 33. Qd2 Rc5 34. Re1 Re5 35. Rb1 Re2 36. Qf4 Re1+ 37. Rxe1 Qxe1+ 38. Kh2 Ne5 39. Qd4 Qe2 40. Qa7+ Kh6 41. Qb7 Qf2 42. Qa8 Kg7 43. Qb7+ Kf6 44. Qa8 Nf7 45. Qc6 h4 46. Qc3+ Ne5 47. gxh4 Qxh4 48. Qc7 Qf4+ 49. Kg1 Nf7 50. Qc3+ Qe5 51. Qc6 Qc5+ 52. Qxc5 dxc5 53. Kf2 a5 54. Ke3 Ke5 55. Bf1 Nd6 56. Bg2 g5 57. Kd3 Ne4 58. Bf3 Nd6 59. Ke3 c4 60. Kd2 Kd4 61. Bg2 c3+ 62. Kc2 Nc4 63. Bf1 Ne3+ 64. Kb3 Nxf1 65. Ka4 c2 66. a3 c1=Q 67. Kb5 Qxa3 68. Kb6 Qb4+ 69. Kc7 a4 70. Kd7 a3 71. Ke6 a2 72. Kf6 a1=Q 73. Kg6 Qe7 74. Kh5 Qa6 0-1

[Event "Play for Durgesh Fundraiser Blitz"]
[Site "Vishy Anand Arena"]
[Date "2020.09.19"]
[Round "5"]
[White "Francy29"]
[Black "Shubh_2007"]
[Result "1-0"]
[WhiteElo "2013"]
[BlackElo "1910"]
[Annotator "NA"]
[PlyCount "73"]
[EventDate "2020.09.19"]
[EventType "swiss (blitz)"]

1. d4 Nf6 2. c4 e6 3. Nf3 d5 4. g3 dxc4 5. Bg2 Bb4+ 6. Nbd2 b5 7. O-O a5 8. a4 c6 9. Ne5 Ra6 10. e3 O-O 11. b3 cxb3 12. Nxb3 Nd5 13. Bd2 Bxd2 14. Qxd2 Nd7 15. axb5 cxb5 16. Rxa5 Nxe5 17. dxe5 Rxa5 18. Nxa5 Qb6 19. e4 Ne7 20. Rd1 Nc6 21. Nxc6 Qxc6 22. Qd6 Bb7 23. Qe7 h6 24. h4 Re8 25. Qd6 Rc8 26. Kh2 Qe8 27. Qb6 Qc6 28. Qd4 Kh7 29. Qe3 b4 30. Rd6 Qc3 31. Qf4 Rc7 32. Rd8 b3 33. Bh3 b2 34. Bf5+ g6 35. Bxg6+ fxg6 36. Qf8 g5 37. Qg8# 1-0

[Event "Play for Durgesh Fundraiser Blitz"]
[Site "Vishy Anand Arena"]
[Date "2020.09.19"]
[Round "5"]
[White "Samriddhaa"]
[Black "lsr"]
[Result "1-0"]
[WhiteElo "2009"]
[BlackElo "2187"]
[Annotator "NA"]
[PlyCount "103"]
[EventDate "2020.09.19"]
[EventType "swiss (blitz)"]

1. e4 d6 2. d4 Nf6 3. Nc3 e5 4. Nf3 Nbd7 5. Be2 Be7 6. O-O O-O 7. h3 c6 8. Be3 b5 9. a3 a6 10. Nh2 Bb7 11. f4 exd4 12. Bxd4 c5 13. Bxf6 Nxf6 14. Bf3 Qb6 15. e5 Bxf3 16. Qxf3 dxe5 17. fxe5 c4+ 18. Kh1 Nd7 19. Nd5 Qc5 20. Ng4 Rad8 21. Rad1 Nb6 22. Ngf6+ Kh8 23. Ne4 Qxd5 24. Rxd5 Nxd5 25. Rd1 Nc7 26. Rxd8 Bxd8 27. Nc5 Kg8 28. Qc6 h5 29. Nxa6 Nxa6 30. Qxa6 Re8 31. Qxb5 Kf8 32. a4 h4 33. a5 f6 34. Qc5+ Be7 35. Qxc4 fxe5 36. a6 e4 37. a7 e3 38. Qe4 e2 39. Qxe2 Rd8 40. Qf3+ Kg8 41. a8=Q Rxa8 42. Qxa8+ Kh7 43. Qe4+ Kh6 44. b4 Bf6 45. b5 g5 46. b6 Kg7 47. b7 g4 48. b8=Q gxh3 49. Qc7+ Be7 50. Qcxe7+ Kh6 51. Q7h7+ Kg5 52. Qef5# 1-0

[Event "Play for Durgesh Fundraiser Blitz"]
[Site "Vishy Anand Arena"]
[Date "2020.09.19"]
[Round "5"]
[White "Stark11"]
[Black "aanjaneya"]
[Result "1-0"]
[WhiteElo "2000"]
[BlackElo "1892"]
[Annotator "NA"]
[PlyCount "51"]
[EventDate "2020.09.19"]
[EventType "swiss (blitz)"]

1. e4 c5 2. Nc3 Nc6 3. f4 g6 4. Nf3 Bg7 5. a3 e6 6. b4 cxb4 7. axb4 Nxb4 8. Ba3 Nc6 9. Nb5 Nge7 10. Nd6+ Kf8 11. Ng5 Qb6 12. Ngxf7 Qd4 13. c3 Qf6 14. g3 Rg8 15. e5 Nxe5 16. Nxe5 g5 17. Nxc8 Qh6 18. Nxe7 Ke8 19. Qa4 Bxe5 20. fxe5 Rg7 21. Bb5 Rd8 22. O-O Qh3 23. Ng6 Rg8 24. Ne7 Rg7 25. Nd5 Rf7 26. Nc7# 1-0

[Event "Play for Durgesh Fundraiser Blitz"]
[Site "Vishy Anand Arena"]
[Date "2020.09.19"]
[Round "5"]
[White "Snehil29"]
[Black "Vinniethepooh"]
[Result "0-1"]
[WhiteElo "1990"]
[BlackElo "2189"]
[Annotator "NA"]
[PlyCount "104"]
[EventDate "2020.09.19"]
[EventType "swiss (blitz)"]

1. Nf3 d5 2. g3 c6 3. Bg2 g6 4. O-O Bg7 5. d4 Nf6 6. c4 dxc4 7. Ne5 Ng4 8. Nxc4 Qxd4 9. Qb3 Na6 10. e3 Qd8 11. Rd1 Qc7 12. h3 Ne5 13. Nxe5 Bxe5 14. f4 Bg7 15. Nc3 Be6 16. Qa3 O-O 17. Kh2 Rfd8 18. Bd2 Rd7 19. Be1 Rad8 20. Bf2 h5 21. e4 Rxd1 22. Rxd1 Rxd1 23. Nxd1 Qd7 24. Nc3 Kh7 25. Bxa7 Qd2 26. Qxe7 Qxb2 27. f5 gxf5 28. exf5 Bxf5 29. Ne4 Bg6 30. Ng5+ Kg8 31. a4 Bf8 32. Qe3 Qb4 33. Bd4 Qe7 34. Qf4 Bg7 35. Bxg7 Kxg7 36. h4 Nc5 37. a5 Nd3 38. Qd4+ Qe5 39. Qb6 c5 40. Qxb7 c4 41. Qd5 c3 42. Qxe5+ Nxe5 43. Be4 Bxe4 44. Nxe4 c2 45. a6 c1=Q 46. a7 Qc6 47. Nf2 Qa8 48. Nh3 Qxa7 49. Nf4 Qa2+ 50. Ng2 Qc4 51. Kg1 Ng6 52. Nf4 Qd4+ 0-1

[Event "Play for Durgesh Fundraiser Blitz"]
[Site "Vishy Anand Arena"]
[Date "2020.09.19"]
[Round "5"]
[White "Legacyplayer"]
[Black "grandmaster1361"]
[Result "1-0"]
[WhiteElo "1971"]
[BlackElo "1809"]
[Annotator "NA"]
[PlyCount "129"]
[EventDate "2020.09.19"]
[EventType "swiss (blitz)"]

1. d4 Nf6 2. c4 e6 3. Nc3 d5 4. cxd5 Nxd5 5. e4 Nxc3 6. bxc3 Be7 7. Bd3 O-O 8. Nf3 Nc6 9. e5 f6 10. exf6 Bxf6 11. O-O Bd7 12. Bf4 Ne7 13. Bg3 Nd5 14. Ne5 c6 15. Qc2 g6 16. Rfe1 Bg7 17. Rab1 b6 18. Bc4 b5 19. Bb3 a5 20. Bxd5 exd5 21. Qe2 Re8 22. Qf3 Rf8 23. Qd3 Bf5 24. Qd2 Bxb1 25. Rxb1 Bxe5 26. Bxe5 Rf5 27. Re1 Qg5 28. Qe3 Qxe3 29. Rxe3 Raf8 30. f4 g5 31. g3 gxf4 32. gxf4 Rc8 33. Kh1 c5 34. Rg3+ Kf8 35. dxc5 Rxc5 36. Bd6+ Kf7 37. Bxc5 Rxf4 38. Bd4 Rf1+ 39. Kg2 Ra1 40. Rf3+ Kg6 41. Rf2 b4 42. cxb4 axb4 43. Bxa1 h5 44. Rb2 Kg5 45. Rxb4 Kg6 46. a4 Kf5 47. a5 Ke6 48. a6 Kd6 49. a7 Kc5 50. a8=Q Kxb4 51. Qa2 Kc5 52. Qb2 Kd6 53. Qd4 Ke6 54. Bc3 h4 55. Kh3 Kd6 56. Kxh4 Kc6 57. Kg5 Kd6 58. h4 Kc6 59. h5 Kd6 60. h6 Ke6 61. h7 Kd7 62. h8=Q Ke6 63. Qh6+ Kd7 64. Qdg7+ Ke8 65. Qhh8# 1-0

[Event "Play for Durgesh Fundraiser Blitz"]
[Site "Vishy Anand Arena"]
[Date "2020.09.19"]
[Round "5"]
[White "EvilGenius_04"]
[Black "Ashutosh Agrawal"]
[Result "0-1"]
[WhiteElo "1955"]
[BlackElo "1733"]
[Annotator "NA"]
[PlyCount "174"]
[EventDate "2020.09.19"]
[EventType "swiss (blitz)"]

1. e4 c5 2. Nf3 d6 3. d4 cxd4 4. Nxd4 Nf6 5. Bc4 e6 6. Nc3 Be7 7. O-O O-O 8. Bb3 Nc6 9. Re1 Qc7 10. h3 b6 11. Be3 Bb7 12. Nxc6 Bxc6 13. f3 Rac8 14. Qe2 Qb7 15. Rad1 e5 16. g4 Rfd8 17. g5 Ne8 18. h4 Nc7 19. h5 d5 20. exd5 Bxd5 21. Nxd5 Nxd5 22. Bxd5 Rxd5 23. c3 Bc5 24. Bxc5 bxc5 25. Qe4 Rcd8 26. c4 R5d7 27. Rxd7 Qxd7 28. Qxe5 Qh3 29. Qe7 Rf8 30. g6 hxg6 31. hxg6 Qg3+ 32. Kf1 Qxf3+ 33. Kg1 Qg3+ 34. Kh1 Qf3+ 35. Kg1 Qg3+ 36. Kh1 Qxg6 37. Qxc5 Qg3 38. Qe5 Qf3+ 39. Kg1 Qb7 40. b3 Qb6+ 41. Qe3 Qb4 42. Kf2 a5 43. Re2 a4 44. Qe7 Qc3 45. c5 axb3 46. axb3 Qxb3 47. c6 Qb6+ 48. Kf1 Qxc6 49. Qh4 Qc1+ 50. Kg2 Qc6+ 51. Kg1 Qg6+ 52. Rg2 Qb1+ 53. Kf2 Qb2+ 54. Kf3 Qc3+ 55. Kf2 Qd2+ 56. Kg1 Qd1+ 57. Kh2 Qd6+ 58. Kh1 Qd1+ 59. Kh2 Qd6+ 60. Kh1 Qe6 61. Rh2 Qc6+ 62. Kg1 Qb6+ 63. Kf1 Qa6+ 64. Kg2 Qg6+ 65. Kf2 Qf6+ 66. Qxf6 gxf6 67. Kf3 Kg7 68. Kf4 Re8 69. Kf5 Re5+ 70. Kf4 Rg5 71. Rf2 Kg6 72. Ra2 Rf5+ 73. Kg4 Rg5+ 74. Kf3 f5 75. Ra6+ f6 76. Ra7 Rg4 77. Kf2 Kg5 78. Ra5 Rf4+ 79. Kg3 Rg4+ 80. Kh2 Kf4 81. Ra4+ Kg5 82. Ra3 Rg3 83. Kxg3 f4+ 84. Kf3 Kf5 85. Ra5+ Ke6 86. Kxf4 f5 87. Ra6+ Kd5 0-1

[Event "Play for Durgesh Fundraiser Blitz"]
[Site "Vishy Anand Arena"]
[Date "2020.09.19"]
[Round "5"]
[White "srujankeerthan2005"]
[Black "Aditya_dpawn"]
[Result "0-1"]
[WhiteElo "1941"]
[BlackElo "2023"]
[Annotator "NA"]
[PlyCount "86"]
[EventDate "2020.09.19"]
[EventType "swiss (blitz)"]

1. e4 c5 2. Nf3 d6 3. d4 cxd4 4. Nxd4 Nf6 5. Nc3 g6 6. Be3 Bg7 7. f3 O-O 8. Qd2 Nc6 9. Nb3 a5 10. O-O-O a4 11. Nd4 a3 12. b3 Bd7 13. Ncb5 Be6 14. g4 Ne5 15. Kb1 Rc8 16. c4 Bd7 17. Nxa3 Ra8 18. Nab5 Bxb5 19. Nxb5 Nxf3 20. Qc2 Nxg4 21. Bd4 Nxd4 22. Nxd4 Ne3 23. Qd3 Nxd1 24. Qxd1 Qa5 25. a4 Qe5 26. Qd3 Qxd4 27. Qxd4 Bxd4 28. Bd3 Be5 29. h4 h5 30. Rg1 Kg7 31. Rg2 Rac8 32. Ka2 b6 33. Ka3 Bd4 34. b4 e6 35. a5 bxa5 36. bxa5 Ra8 37. Ka4 Ra7 38. Kb5 Rb8+ 39. Kc6 Be5 40. Ra2 Bc3 41. a6 Bb4 42. c5 Bxc5 43. Bc4 Rb6# 0-1

[Event "Play for Durgesh Fundraiser Blitz"]
[Site "Vishy Anand Arena"]
[Date "2020.09.19"]
[Round "5"]
[White "Furace"]
[Black "Tarun Mateti"]
[Result "1-0"]
[WhiteElo "1936"]
[BlackElo "1568"]
[Annotator "NA"]
[PlyCount "45"]
[EventDate "2020.09.19"]
[EventType "swiss (blitz)"]

1. e4 c5 2. c3 d5 3. exd5 Qxd5 4. d4 Nf6 5. Nf3 Bg4 6. Be2 e6 7. a3 Nc6 8. h3 Bh5 9. Be3 cxd4 10. cxd4 Be7 11. Nc3 Qd6 12. O-O O-O 13. Qb3 Bxf3 14. Bxf3 Nxd4 15. Bxd4 Qxd4 16. Qxb7 Rfd8 17. Qxe7 Nd5 18. Nxd5 exd5 19. Rad1 Qxb2 20. Bxd5 Rxd5 21. Rxd5 Rf8 22. Rd8 Rxd8 23. Qxd8# 1-0

[Event "Play for Durgesh Fundraiser Blitz"]
[Site "Vishy Anand Arena"]
[Date "2020.09.19"]
[Round "5"]
[White "Mastering tempo"]
[Black "Sadhika"]
[Result "1-0"]
[WhiteElo "1934"]
[BlackElo "1633"]
[Annotator "NA"]
[PlyCount "65"]
[EventDate "2020.09.19"]
[EventType "swiss (blitz)"]

1. e4 e5 2. Nf3 Nc6 3. Bb5 a6 4. Bxc6 dxc6 5. O-O Bd6 6. Nc3 Nf6 7. Re1 Bg4 8. h3 Bxf3 9. Qxf3 Qd7 10. d3 O-O-O 11. Be3 Kb8 12. a4 h6 13. Ne2 Nh7 14. c4 f6 15. c5 Be7 16. Red1 Qe6 17. d4 g5 18. d5 cxd5 19. exd5 Qf7 20. c6 b6 21. b4 Bxb4 22. Rab1 Ba5 23. Bd2 Bxd2 24. Rxd2 Ka7 25. a5 Rb8 26. Qe3 Qg6 27. Rdb2 Rhd8 28. axb6+ cxb6 29. Rxb6 Qxb1+ 30. Rxb1+ Ka8 31. Ra1 Rbc8 32. Rxa6+ Kb8 33. Qb6# 1-0

[Event "Play for Durgesh Fundraiser Blitz"]
[Site "Vishy Anand Arena"]
[Date "2020.09.19"]
[Round "5"]
[White "Neevptl"]
[Black "Sairam Ramabadra"]
[Result "1-0"]
[WhiteElo "1930"]
[BlackElo "1803"]
[PlyCount "51"]
[EventDate "2020.09.19"]
[EventType "swiss (blitz)"]

1. e4 e5 2. Nf3 Nf6 3. Nxe5 d6 4. Nf3 Nxe4 5. Nc3 Nxc3 6. dxc3 Be7 7. Bd3 O-O 8. O-O Nc6 9. h3 Bf6 10. Bf4 Be6 11. Qd2 Qd7 12. Rfe1 Rfe8 13. Ng5 Bf5 14. Bxf5 Qxf5 15. Nf3 Ne5 16. Nxe5 dxe5 17. Be3 Rad8 18. Qe2 Bg5 19. Bxg5 Qxg5 20. Rad1 h6 21. Rxd8 Qxd8 22. Qb5 Qd2 23. Qxe8+ Kh7 24. Qxe5 Qxc2 25. Qe4+ Qxe4 26. Rxe4 1-0